000
00276nam a2200109Ia 4500
008
220120s9999||||xx |||||||||||||| ||und||
100
_a
Praveen Kestoor
245
0
_a
Applied Thermodynamics
260
_a
Suggi publication
_b
New Dekhi
300
_b
688
650
_a
GENERAL BOOKS
999
_c
137364
_d
137364